000 00706nam a22002417a 4500
003 CHAP
005 20220329133913.0
008 971013s1826 r 00010 d
010 _a12505
011 _a13477
035 _a17549
040 _cCHAP
082 _a321.021
_bC3
245 _aCartas de un americano sobre las ventajas de los gobiernos republicanos federativos
260 _aLondres :
_bImprenta EspaƱola de M. Calero,
_c1826
300 _a212 p.
590 _aBATCH-UPD
_b10
_c20130110
_lUCH01
_h1702
590 _aCONVERSION
_b10
_c20130109
_lUCH01
_h1308
650 1 4 _aGobierno federal.
_948406
901 _aBK
942 _cLIBRO
949 _a321.021 C3
_bBC
_cBPP
_d-41339
_eBPP
_i17549
_si
999 _c12505
_d12505